Vista normal Vista MARC

Entrada Topical Term

Número de registros utilizados en: 1

001 - CONTROL NUMBER

  • control field: 40970

003 - CONTROL NUMBER IDENTIFIER

  • control field: OSt

005 - DATE AND TIME OF LATEST TRANSACTION

  • control field: 20211006123901.0

008 - FIXED-LENGTH DATA ELEMENTS

  • fixed length control field: 211006|| aca||aabn | a|a d

040 ## - CATALOGING SOURCE

  • Original cataloging agency: OSt
  • Transcribing agency: OSt

150 ## - HEADING--TOPICAL TERM

  • Topical term or geographic name entry element: Floriculture
  • Geographic subdivision: Latin America

670 ## - SOURCE DATA FOUND

  • Source citation: Work cat.: (OSt)12593: Thrupp, Lori Ann. author 40968, Bittersweet harvests for global supermarkets :, 1995.